[Event "St Ingbert op"]
[Site "St Ingbert"]
[Date "1988.??.??"]
[Round "3"]
[White "Hakshenas, Ibrahim"]
[Black "Appel, Ralf"]
[Result "0-1"]
[WhiteElo "2200"]
[BlackElo "2344"]
[PlyCount "48"]
[EventDate "1988.08.20"]
[EventType "swiss"]
[EventRounds "9"]
[EventCountry "GER"]
[SourceTitle "EXT 2002"]
[Source "ChessBase"]
[SourceDate "2001.11.25"]
[SourceVersion "1"]
[SourceVersionDate "2001.11.25"]
[SourceQuality "1"]

1. Nf3 c5 2. g3 b6 3. Bg2 Bb7 4. 0-0 Nf6 5. d3 e6 6. e4 Be7 7. Re1 d5 8. Nbd2 Nc6 9. c3 0-0 10. e5 Nd7 11. h4 b5 12. d4 b4 13. Nf1 bxc3 14. bxc3 Ba6 15. Ne3 Qa5 16. Bd2 Qa3 17. Nc2 Qa4 18. Bf1 Bxf1 19. Rxf1 Rab8 20. Nfe1 cxd4 21. cxd4 Nxd4 22. Qg4 Bc5 23. Nd3 Qxc2 24. Nxc5 Qxc5 0-1

[Event "St Ingbert op"]
[Site "St Ingbert"]
[Date "1988.??.??"]
[Round "8"]
[White "Varini, Massimo"]
[Black "Hakshenas, Ibrahim"]
[Result "0-1"]
[WhiteElo "1900"]
[BlackElo "2200"]
[PlyCount "32"]
[EventDate "1988.08.20"]
[EventType "swiss"]
[EventRounds "9"]
[EventCountry "GER"]
[SourceTitle "EXT 2002"]
[Source "ChessBase"]
[SourceDate "2001.11.25"]
[SourceVersion "1"]
[SourceVersionDate "2001.11.25"]
[SourceQuality "1"]

1. e4 e6 2. d3 d5 3. Nd2 Nc6 4. Ngf3 Nf6 5. g3 dxe4 6. dxe4 Bc5 7. Bb5 e5 8. 0-0 Bh3 9. Re1 Ng4 10. Bxc6+ bxc6 11. Re2 0-0 12. Qe1 Nxf2 13. Rxf2 f5 14. Nxe5 fxe4 15. Nxe4 Rxf2 16. Nxf2 Qd5 0-1